Geographisches Wissen - Vulkanismus - Statistiken

Allgemein
  • Dieses Quiz wurde 29 mal gespielt
  • Das Durchschnittsergebnis liegt bei 8 aus 16
Antwortstatistiken
Frage Antwort % Korrekt
4. In welchem Land liegt der Vulkan Fuji? Japan
100%
2. Wie nennt man geschmolzenes Gestein, das aus einem Vulkan austritt? Lava
100%
3. Welcher berühmte Vulkan zerstörte im Jahr 79 n. Chr. die Stadt Pompeji? Vesuv
100%
1. Wie nennt man geschmolzenes Gestein unter der Erdoberfläche? Magma
96%
12. In welchem Land liegt dieser Vulkan? Italien
85%
11. Wie heißt der höchste aktive Vulkan Europas? Ätna
81%
10. Welche Insel entstand durch starken Vulkanismus und liegt im Nordatlantik? Island
77%
5. Wie heißt die Öffnung, aus der Lava austritt? Krater
69%
7. Wie heißt die große ringförmige Zone mit vielen Vulkanen rund um den Pazifik? pazifischer Feuerring
50%
16. Wie nennt man Wissenschaftler, die Vulkane erforschen? Vulkanologen | Vulkanforscher
31%
6. Wie nennt man einen Vulkan, der gerade ausbricht? aktiver Vulkan
27%
14. Wie nennt man eine plötzlich austretende heiße Mischung aus Gas, Asche und Gestein? pyroklastischer Strom
15%
8. Welche Gefahr entsteht durch heiße Aschewolken bei einem Vulkanausbruch? Verbrennungen | Erstickung | Zerstörung durch pyroklastiche Ströme
8%
15. Welche Vorteile kann Vulkanismus für Menschen haben? fruchtbare Böden | Geothermie | Rohstoffe | Tourismus
4%
9. Wie nennt man kleine Gesteinsstücke, die bei einem Ausbruch herausgeschleudert werden? Vulkanische Bomben | Lapilli | Asche
4%
13. Welche drei Hauptarten von Vulkanen gibt es? Schildvulkane, Schichtvulkane & Schlackenkegel
0%
Keine übereinstimmenden Quizze gefunden
Verteilung der Resultate
Anzahl Personen mit jedem Resultat
Perzentil nach korrekt beantworteten Fragen
Ihre Resultats-Entwicklung
Sie haben dieses Quiz noch nicht gespielt